Mustafa Kemal Atatürk : (Record no. 15049)

MARC details
000 -BAŞLIK
Sabit Uzunlukta Kontrol Alanı 00795nam a22002297a 4500
999 ## - SİSTEM KONTROL NUMARALARI (KOHA)
Koha Biblionumber 15049
Koha Biblioitemnumber 15049
003 - KONTROL NUMARASI IDENTIFIER
Denetim Alanı MIRAKIL
005 - SON İŞLEM TARİHİ VE ZAMANI
Denetim Alanı 20221024122308.0
008 - SABİT-BOY VERİ ELEMANLARI - GENEL BİLGİLER
Sabit Uzunlukta Kontrol Alanı 221024b tu ||||| |||| 00| 0 tur d
020 ## - ULUSLARARASI STANDART KİTAP NUMARASI
Uluslararası Standart Kitap Numarası 9786058005709
040 ## - KATALOGLAMA KAYNAK
Orijinal Kataloglama Ajansı TR-AnCHP
Metne Dönüştürmek Ajansı TR-AnCHP
041 ## - DİL KODU
Metin / Ses Parça Veya Ayrı Başlığın Dil Kodu tur
082 ## - DEWEY ONLU SINIFLANDIRMA NUMARASI
Sınıflandırma Numarası ATA 355.0092
Ürün Numarası L57m 2019
100 ## - ANA GİRİŞ - KİŞİSEL İSİM
Kişisel Ad Lİtzmann, Karl
245 10 - BAŞLIK TABLOSU
Başlık Mustafa Kemal Atatürk :
Başlığın Kalan Takımın muharebe talimi /
Sorumluluk Tablosu, Vb Kaarl Litzmann; yayına hazırlayan: Halil Aslantürk.
260 ## - YAYIN, DAĞITIM, VB
Yayın, Dağıtım, Vb Yeri İstanbul :
Yayıncı, Dağıtıcı, Vs Adı Kopernik,
Yayın, Dağıtım, Vb Tarihi 2019.
300 ## - FİZİKSEL TANIM
Kapsam 99 s.:
Diğer Fiziksel Ayrıntıları hrt.; tbl.;
Boyutlar 21 sm.
490 0# - SERİSİ TABLOSU
Seri Beyanı Kopernik kitap ;
-- Tarih ;
Hacim / Ardışık Tanımı 123.
-- 15.
600 14 - KONU KATMA GİRİŞ - KURUMSAL ADI
9 (RLIN) 1465
Kişisel Ad Atatürk, Gazi Mustafa Kemal
Başlıklar Ve Bir Adla İlişkili Diğer Kelimeler Türkiye Cumhuriyeti Kurucusu
Bir Adıyla İlişkilendirilen Tarihler 1881-1938
650 #0 - KONU KATMA GİRİŞ - TOPİKAL DÖNEM
9 (RLIN) 7231
Topikal Süreli Veya Coğrafi Ad Giriş Elemanı Askerlik
Genel Alt Bölümü Eğitim
700 ## - KATMA GİRİŞ - KİŞİSEL İSİM
9 (RLIN) 6637
Kişisel Ad Aslantürk, Halil
Relator Terim çev.
942 ## - EKLENDİ GİRİŞ ELEMANLARI (KOHA)
Sınıflandırma Veya Raf Düzeni Kaynak Dewey Decimal Classification
Koha Öğesi Türü Books
Holdings
Kalıcı Konum Mevcut Konum Edinme Tarihi Toplam Check-Out'Lar Tam Çağrı Numarası Barkod Tarih Son Görülme İtibaren Geçerli Fiyatlar Koha Öğesi Türü
CHP Kütüphanesi CHP Kütüphanesi 10/24/2022   ATA 355.0092 L57m 2019 020593 10/24/2022 10/24/2022 Books